| 000 | 03129nam0a22004211 4500 | ||
|---|---|---|---|
| 001 | RU\NLR\BIBL_A\022680585 | ||
| 005 | 20260113110421.0 | ||
| 010 |
_a978-5-8064-3670-3 _9500 |
||
| 021 |
_aRU _bАЛ-П-25-01153и _9АЛ-П-25-0221 |
||
| 035 | _a(NLR Aleph) 022680585 | ||
| 090 |
_a13514641 _c13514641 |
||
| 100 | _a20251205d2025 u y0rusy50 ca | ||
| 101 | 0 |
_achi _crus |
|
| 102 | _aRU | ||
| 105 | _ay z 000 y | ||
| 181 | 0 |
_ai _baxxe |
|
| 182 | 0 | _an | |
| 200 | 1 |
_a赫尔岑大学典藏系列·主图书馆藏书 _fС.Е.沃洛斯科娃 [等] _g梁萃珍、张萌 [译者] |
|
| 203 |
_aТекст _bвизуальный _cнепосредственный |
||
| 210 |
_aСанкт-Петербург _cИздательство РГПУ _d2025 |
||
| 210 |
_a圣彼得堡 _c俄罗斯国立赫尔岑师范大学出版社 _d2025 |
||
| 215 |
_a119 с. _cцв. ил., факс. _d23x25 см |
||
| 300 | _aНа авантит.: Российский государственный педагогический университет им. А. И. Герцена = 俄罗斯国立赫尔岑师范大学 | ||
| 324 | _aПер. с рус. по изд.: Уникальные коллекции Герценовского университета: Книги из собрания фундаментальной библиотеки: альбом. - Санкт-Петербург: Изд-во РГПУ им. А. И. Герцена, 2024. 978-5-8064-3516-4 | ||
| 510 | 1 |
_aУникальные коллекции Герценовского университета. Книги из собрания Фундаментальной библиотеки _eальбом на китайском языке _zrus |
|
| 601 | 0 | 2 |
_aРоссийский государственный педагогический университет им. А. И. Герцена _cСанкт-Петербург, город _bФундаментальная библиотека им. императрицы Марии Федоровны _xФонды _jАльбомы _2nlr_sh2 _3RU\NLR\AUTH\6601712538 |
| 606 | 1 |
_aКниги _xСобрания библиотек _yСанкт-Петербург, город _2nlr_sh2 _3RU\NLR\AUTH\6601564143 |
|
| 702 | 1 |
_aКвелидзе-Кузнецова _bН. Н. _f1963- _gНатела Нодарьевна _3RU\NLR\AUTH\770184322 _4340 |
|
| 702 | 1 |
_aВолоскова _bС. Е. _gСнежана Евгеньевна _4220 |
|
| 702 | 1 |
_aЛян Цуйчжэнь _4730 |
|
| 702 | 1 |
_aЧжан Мэн _4730 |
|
| 711 | 0 | 2 |
_aРоссийский государственный педагогический университет им. А. И. Герцена _cСанкт-Петербург _bФундаментальная библиотека им. императрицы Марии Федоровны _3RU\NLR\AUTH\880571469 |
| 711 | 0 | 2 |
_aРоссийский государственный педагогический университет им. А. И. Герцена _cСанкт-Петербург _3RU\NLR\AUTH\889929136 |
| 852 |
_aNLR _bОЛСАА-кит. _j3-5689 |
||
| 942 | _cBOOK | ||
| 980 | 1 | _aCHIN | |
| 980 | _aNB | ||